=LDR 00000nam 2200000 4500 =001 INLIS000000000050804 =005 20170707020154 =035 ##$$a 0010-0717000003 =007 ta =008 170707###########################0#ind## =082 ##$$a 306.095 982 3 =084 ##$$a 306.095 982 3 PEM =245 ##$$a Pembinaan budaya dalam lingkungan keluarga daerah istimewa yogyakarta /$c Dra. Taryati, Drs. Darto Harnoko, Drs. Mudjijono, Suhatno, B.A. =260 ##$$a Jakarta :$b Depdikbud,$c 1995 =300 ##$$a xi,148 hlm. : $b Ilustrasi ; $c 23 cm. =650 ##$$a Budaya - Yogyakarta =990 ##$$a 88398839 =990 ##$$a 78.405/hd.94